| 000 | 01002cam a2200217 4500 | ||
|---|---|---|---|
| 001 | WB3835-16 | ||
| 008 | 020924n2002 000 0 eng u | ||
| 035 | _a(Sirsi) u119820 | ||
| 245 | _aDevelopment plans go online | ||
| 260 | _c2002 | ||
| 490 |
_aRICS Planning & Development Faculty News _v 23 September 2002, (1) |
||
| 520 | _aThe first three development plans in England and Wales are now available online via the Planning Portal. The website is now displaying information about development plans for the City of London, Tameside and Wokingham. For RICS Planning & Development Faculty News: http://www.rics.org/ricscms/bin/show?class=News&template=/includes/shownews.html&id=3716 For the Planning Portal: http://www.planningportal.gov.uk | ||
| 590 | _aWB | ||
| 650 | _aDEVELOPMENT PLANS | ||
| 650 | _aPLANNING PORTAL | ||
| 650 | _aGIS | ||
| 650 | _aONLINE DATABASES | ||
| 650 | _aLOCAL AUTHORITY | ||
| 690 | _aENVIRONMENTAL AND LAND CONSULTANCY-PLANNING AND DEVELOPMENT | ||
| 942 | _n0 | ||
| 999 |
_c71206 _d71206 |
||